000 00297nam a22001337a 4500
008 180312b xxu||||| |||| 00| 0 eng d
020 _a9780965238397
041 _aeng
080 _a030
100 _a40
101 _aREF
245 _aThe guinness book of recordsd
_cWaller,G
942 _2udc
_cBK
999 _c44673
_d44673